[Event "Pontevedra op-B 6th"]
[Site "Pontevedra"]
[Date "2018.08.12"]
[Round "7"]
[White "Martinez Montes, Juan Manuel"]
[Black "Garcia Bugallo, Jose Luis"]
[Result "1/2-1/2"]
[WhiteElo "1620"]
[BlackElo "1911"]
[PlyCount "132"]
[EventDate "2018.08.08"]
[EventType "swiss"]
[EventRounds "9"]
[EventCountry "ESP"]
[SourceTitle "CBM 186 Extra"]
[Source "ChessBase"]
[SourceDate "2018.08.24"]
[SourceVersion "1"]
[SourceVersionDate "2018.08.24"]
[SourceQuality "1"]

1. e4 c5 2. Nf3 d6 3. d4 cxd4 4. Nxd4 Nf6 5. Nc3 a6 6. a4 e6 7. g3 Be7 8. Bg2 0-0 9. 0-0 Qc7 10. Be3 Nbd7 11. Qd2 Rb8 12. Rad1 b6 13. b3 Bb7 14. Rfe1 Rfd8 15. f3 d5 16. exd5 Nxd5 17. Nxd5 Bxd5 18. Nf5 Bf6 19. Nd4 Bb7 20. f4 Nc5 21. Bxb7 Qxb7 22. Qg2 Qxg2+ 23. Kxg2 Rbc8 24. Nf3 Bc3 25. Rxd8+ Rxd8 26. Re2 Rd5 27. Bxc5 Rxc5 28. Ng5 Rc6 29. Ne4 Bb4 30. c3 Be7 31. Rd2 Kf8 32. c4 Ke8 33. Kf3 h6 34. Nf2 Bb4 35. Rd3 Ke7 36. Ng4 f6 37. Ne3 a5 38. f5 Bc5 39. fxe6 Bxe3 40. Rxe3 Rxe6 41. Rd3 Rd6 42. Re3+ Re6 43. Rd3 Re5 44. Kf4 h5 45. h3 g5+ 46. Kf3 f5 47. h4 gxh4 48. gxh4 Re4 49. Rd5 Rxh4 50. Rb5 Kf6 51. Rxb6+ Kg5 52. c5 Rh3+ 53. Kg2 Rc3 54. Rb5 Kg4 55. Rxa5 Rc2+ 56. Kg1 h4 57. Ra8 Rxc5 58. a5 h3 59. Rg8+ Kf3 60. Kh2 f4 61. a6 Rc2+ 62. Kxh3 Ra2 63. Rg6 Ra1 64. Kh2 Ra2+ 65. Kh3 Ra1 66. Kh2 Ra2+ 1/2-1/2

[Event "Pontevedra op-B 6th"]
[Site "Pontevedra"]
[Date "2018.08.11"]
[Round "5"]
[White "Nurgaliyev, Sauat"]
[Black "Garcia Bugallo, Jose Luis"]
[Result "1-0"]
[WhiteElo "1613"]
[BlackElo "1911"]
[PlyCount "115"]
[EventDate "2018.08.08"]
[EventType "swiss"]
[EventRounds "9"]
[EventCountry "ESP"]
[SourceTitle "CBM 186 Extra"]
[Source "ChessBase"]
[SourceDate "2018.08.24"]
[SourceVersion "1"]
[SourceVersionDate "2018.08.24"]
[SourceQuality "1"]

1. e4 d5 2. exd5 Qxd5 3. Nc3 Qa5 4. d4 Nf6 5. Nf3 Bg4 6. Bc4 e6 7. Bd2 Bxf3 8. Qxf3 c6 9. 0-0-0 Qc7 10. Rhe1 Be7 11. h3 Nbd7 12. g4 b5 13. Bxb5 Nd5 14. Nxd5 cxd5 15. Qc3 Qxc3 16. Bxc3 Rb8 17. Ba4 Bd6 18. Bd2 Ke7 19. Bb3 Nb6 20. f4 g6 21. Rf1 h5 22. g5 Rhc8 23. Rde1 Nc4 24. Bxc4 Rxc4 25. c3 Rbc8 26. Kb1 Rb8 27. Kc2 a5 28. f5 gxf5 29. Rxf5 Rg8 30. Rxd5 Bg3 31. Re2 a4 32. Ra5 Rgc8 33. Kd3 Kf8 34. b3 axb3 35. axb3 R4c7 36. c4 Rd7 37. Be3 Rb8 38. Kc3 Rdb7 39. Ra3 h4 40. Bd2 Kg7 41. Kc2 Kg6 42. b4 Rd7 43. Kc3 Rbd8 44. Be3 f5 45. gxf6 Kxf6 46. b5 Rc8 47. Kb4 Ke7 48. Bg5+ Kf7 49. Be3 Ke7 50. c5 e5 51. dxe5 Bxe5 52. b6 Ke6 53. Kb5 Rd1 54. Rb3 Kd5 55. b7 Rc6 56. Bf2 Bc7 57. Re7 Bb8 58. Rd7+ 1-0

[Event "Pontevedra op-B 6th"]
[Site "Pontevedra"]
[Date "2018.08.10"]
[Round "4"]
[White "Garcia Bugallo, Jose Luis"]
[Black "Lamas Garralon, Pablo"]
[Result "1-0"]
[WhiteElo "1911"]
[BlackElo "1592"]
[PlyCount "57"]
[EventDate "2018.08.08"]
[EventType "swiss"]
[EventRounds "9"]
[EventCountry "ESP"]
[SourceTitle "CBM 186 Extra"]
[Source "ChessBase"]
[SourceDate "2018.08.24"]
[SourceVersion "1"]
[SourceVersionDate "2018.08.24"]
[SourceQuality "1"]

1. f4 d5 2. Nf3 Bg4 3. Ne5 Bf5 4. d3 c5 5. g3 Nc6 6. Nxc6 bxc6 7. Bg2 Nf6 8. Nd2 Qb6 9. c3 h6 10. e4 Bd7 11. Qb3 c4 12. Qxb6 axb6 13. e5 Ng4 14. dxc4 Ne3 15. cxd5 cxd5 16. Kf2 Nc2 17. Bxd5 Rc8 18. Rb1 e6 19. Be4 Bc5+ 20. Kf3 0-0 21. Bxc2 Bc6+ 22. Be4 Ba4 23. Bh7+ Kxh7 24. Ne4 Rfd8 25. Ke2 Kg6 26. Nxc5 Rxc5 27. Rd1 Rcd5 28. Rxd5 Rxd5 29. Bd2 1-0

[Event "Mondariz Balneario Cemar op 4th"]
[Site "Mondariz"]
[Date "2017.08.20"]
[Round "5"]
[White "Garcia Bugallo, Jose Luis"]
[Black "Dominguez Fernandez, Angel I"]
[Result "0-1"]
[WhiteElo "1885"]
[BlackElo "2163"]
[PlyCount "112"]
[EventDate "2017.08.16"]
[EventType "swiss"]
[EventRounds "9"]
[EventCountry "ESP"]
[SourceTitle "CBM 180 Extra"]
[Source "ChessBase"]
[SourceDate "2017.10.06"]
[SourceVersion "1"]
[SourceVersionDate "2017.10.06"]
[SourceQuality "1"]

1. e4 e5 2. Nf3 Nc6 3. Bb5 Nge7 4. c3 g6 5. d4 exd4 6. cxd4 a6 7. Ba4 Bg7 8. d5 b5 9. Bc2 Na5 10. Nc3 d6 11. h3 0-0 12. 0-0 c5 13. Ne2 f5 14. Re1 fxe4 15. Bxe4 Nc4 16. Rb1 Bf5 17. Nf4 Bxe4 18. Rxe4 Qd7 19. Ne6 Rf5 20. Nxg7 Kxg7 21. b3 Nb6 22. Qd2 Nexd5 23. Bb2+ Kg8 24. Nh4 Rh5 25. Rbe1 Rf8 26. Ba1 b4 27. Qe2 a5 28. Nf3 Rhf5 29. Re8 Rxe8 30. Qxe8+ Qxe8 31. Rxe8+ Rf8 32. Re6 Nc8 33. Nd2 Nc7 34. Re2 d5 35. Re5 Re8 36. Rxe8+ Nxe8 37. Be5 Kf7 38. f4 Ned6 39. Kf2 Ke6 40. Ke2 Ne7 41. g4 Nc6 42. Bg7 c4 43. bxc4 dxc4 44. Ke3 c3 45. Nb3 Kd5 46. Kd3 a4 47. Nc1 Ne4 48. Ke3 Na5 49. Ne2 Nc4+ 50. Kd3 Nc5+ 51. Kc2 Ne3+ 52. Kb1 Kc4 53. a3 c2+ 54. Kc1 Nb3+ 55. Kb2 bxa3+ 56. Kxa3 Kd3 0-1

[Event "Ferrol op 32th"]
[Site "Ferrol"]
[Date "2017.07.24"]
[Round "9"]
[White "Garcia Bugallo, Jose Luis"]
[Black "Sixto Puente, Eloy"]
[Result "0-1"]
[WhiteElo "1842"]
[BlackElo "1998"]
[PlyCount "84"]
[EventDate "2017.07.16"]
[EventType "swiss"]
[EventRounds "9"]
[EventCountry "ESP"]
[SourceTitle "EXT 2024"]
[Source "ChessBase"]
[SourceDate "2023.10.10"]
[SourceVersion "1"]
[SourceVersionDate "2023.10.10"]
[SourceQuality "1"]

1. e4 c5 2. Nf3 d6 3. Bb5+ Bd7 4. Bxd7+ Qxd7 5. 0-0 Nf6 6. Re1 Nc6 7. c3 e6 8. d4 cxd4 9. cxd4 d5 10. e5 Ne4 11. Ng5 Nxg5 12. Bxg5 Be7 13. Bxe7 Qxe7 14. Qd2 0-0 15. Nc3 Qb4 16. Rad1 f6 17. a3 Qc4 18. exf6 Rxf6 19. Re3 Raf8 20. f3 Rg6 21. Ne2 Qa6 22. b4 Qb6 23. Nc3 Rf4 24. Ne2 Rf5 25. Kh1 Qd8 26. Ng3 Rf8 27. b5 Na5 28. Qe2 Qh4 29. Nf1 Qf6 30. Rc3 Nc4 31. Ne3 Nd6 32. Ng4 Qh4 33. Rc7 Nf5 34. Kg1 h5 35. Ne5 Nxd4 36. Qd3 Rxg2+ 37. Kxg2 Qg5+ 38. Kh1 Qxe5 39. Rxb7 Nxf3 40. Qc2 Ne1 41. Rxe1 Qxe1+ 42. Kg2 Qf1+ 0-1

[Event "Ferrol op 32th"]
[Site "Ferrol"]
[Date "2017.07.21"]
[Round "6"]
[White "Rodriguez Sigler, Alexandre"]
[Black "Garcia Bugallo, Jose Luis"]
[Result "1/2-1/2"]
[WhiteElo "1720"]
[BlackElo "1842"]
[PlyCount "66"]
[EventDate "2017.07.16"]
[EventType "swiss"]
[EventRounds "9"]
[EventCountry "ESP"]
[SourceTitle "EXT 2024"]
[Source "ChessBase"]
[SourceDate "2023.10.10"]
[SourceVersion "1"]
[SourceVersionDate "2023.10.10"]
[SourceQuality "1"]

1. e4 c5 2. Nc3 Nc6 3. d3 e6 4. g3 Nge7 5. Be3 d6 6. Qd2 Qa5 7. Bg2 Rb8 8. Nf3 b5 9. 0-0 b4 10. Ne2 e5 11. c3 Ba6 12. Rfd1 Ng6 13. Bf1 Be7 14. d4 bxc3 15. bxc3 cxd4 16. cxd4 Qxd2 17. Rxd2 Na5 18. Nc3 Bxf1 19. Kxf1 Nc4 20. Re2 Nxe3+ 21. Rxe3 exd4 22. Nxd4 Bf6 23. Rd1 0-0 24. Nd5 Bxd4 25. Rxd4 Ne5 26. Rb3 Rxb3 27. axb3 Nf3 28. Ra4 Nd2+ 29. Kg2 Nxb3 30. Rxa7 Nc5 31. Ne7+ Kh8 32. Nf5 Nxe4 33. Rd7 g6 1/2-1/2

[Event "Ferrol op 32th"]
[Site "Ferrol"]
[Date "2017.07.19"]
[Round "4"]
[White "Garcia Bugallo, Jose Luis"]
[Black "Safranska, Anda"]
[Result "0-1"]
[WhiteElo "1842"]
[BlackElo "2202"]
[PlyCount "94"]
[EventDate "2017.07.16"]
[EventType "swiss"]
[EventRounds "9"]
[EventCountry "ESP"]
[SourceTitle "EXT 2024"]
[Source "ChessBase"]
[SourceDate "2023.10.10"]
[SourceVersion "1"]
[SourceVersionDate "2023.10.10"]
[SourceQuality "1"]

1. e4 c6 2. d4 g6 3. Nc3 Bg7 4. Bc4 b5 5. Bb3 a5 6. a4 b4 7. Nce2 d5 8. Nf3 e6 9. e5 Ba6 10. c3 Qb6 11. Rb1 Ne7 12. Bc2 Nd7 13. Be3 0-0 14. 0-0 c5 15. dxc5 Nxc5 16. Re1 Bxe2 17. Qxe2 Rfc8 18. Bd3 Qd8 19. Bb5 bxc3 20. bxc3 Ne4 21. Bd4 Nxc3 22. Bxc3 Rxc3 23. Qd2 Rcc8 24. Nd4 h6 25. h4 Nf5 26. Nc6 Qxh4 27. Nxa5 Qd4 28. Qxd4 Nxd4 29. Nb7 Nxb5 30. axb5 Rcb8 31. Nd6 Rb6 32. f4 Bf8 33. Rec1 Rab8 34. Rc8 Rxc8 35. Nxc8 Bc5+ 36. Kh1 Rb8 37. Nd6 Kf8 38. Rc1 Bxd6 39. exd6 Ke8 40. Rc7 Rxb5 41. Rc8+ Kd7 42. Rc7+ Kxd6 43. Rxf7 d4 44. Kg1 Rf5 45. Rg7 Rxf4 46. Rxg6 d3 47. Rg3 Rd4 0-1

[Event "Ferrol op 32th"]
[Site "Ferrol"]
[Date "2017.07.16"]
[Round "1"]
[White "Gonzalez Taboada, Lorenzo"]
[Black "Garcia Bugallo, Jose Luis"]
[Result "0-1"]
[WhiteElo "1295"]
[BlackElo "1842"]
[PlyCount "104"]
[EventDate "2017.07.16"]
[EventType "swiss"]
[EventRounds "9"]
[EventCountry "ESP"]
[SourceTitle "EXT 2024"]
[Source "ChessBase"]
[SourceDate "2023.10.10"]
[SourceVersion "1"]
[SourceVersionDate "2023.10.10"]
[SourceQuality "1"]

1. e4 c5 2. Nf3 d6 3. d4 cxd4 4. Nxd4 Nf6 5. Nc3 a6 6. Be2 e5 7. Nf3 h6 8. 0-0 Be7 9. Bc4 Qc7 10. Bb3 0-0 11. h3 b5 12. a3 Bb7 13. Re1 Nbd7 14. Nd5 Nxd5 15. Bxd5 Nf6 16. Bxb7 Qxb7 17. Qd3 Rac8 18. Nd2 Rfd8 19. c3 d5 20. Qf3 dxe4 21. Nxe4 Nxe4 22. Qxe4 Qxe4 23. Rxe4 Rd1+ 24. Kh2 Bg5 25. Bxg5 Rxa1 26. Be3 f6 27. Rg4 Kf7 28. Rb4 Rc4 29. Rb3 g5 30. Bb6 h5 31. Be3 Kg6 32. f3 Re1 33. Bf2 Re2 34. Kg1 f5 35. Kf1 Rd2 36. Be3 Rd3 37. Bf2 e4 38. fxe4 fxe4 39. Ke2 g4 40. hxg4 hxg4 41. g3 Kf5 42. Be3 Rd8 43. Rb4 Rxb4 44. axb4 Rh8 45. Bf2 Rh1 46. Be1 e3 47. c4 bxc4 48. Bc3 Ke4 49. b5 axb5 50. Bb4 Rh2+ 51. Kf1 Kf3 52. Be1 Rh1# 0-1

[Event "Sanxenxo Carlos op 9th"]
[Site "Sanxenxo"]
[Date "2017.06.17"]
[Round "1"]
[White "Strikovic, Aleksa"]
[Black "Garcia Bugallo, Jose Luis"]
[Result "1-0"]
[WhiteElo "2503"]
[BlackElo "1849"]
[PlyCount "57"]
[EventDate "2017.06.17"]
[EventType "swiss"]
[EventRounds "9"]
[EventCountry "ESP"]
[SourceTitle "CBM 179 Extra"]
[Source "ChessBase"]
[SourceDate "2017.08.23"]
[SourceVersion "1"]
[SourceVersionDate "2017.08.23"]
[SourceQuality "1"]

1. c4 f5 2. Nf3 Nf6 3. g3 d6 4. d4 g6 5. b3 Bg7 6. Bb2 0-0 7. Bg2 c6 8. 0-0 Na6 9. Nbd2 Re8 10. Re1 Qc7 11. e4 fxe4 12. Nxe4 Nxe4 13. Rxe4 Bf5 14. Re3 Nb4 15. Nh4 Nc2 16. Nxf5 Nxe3 17. Nxe3 e5 18. dxe5 Bxe5 19. Bxe5 Rxe5 20. Qd4 Rae8 21. Qxa7 Qf7 22. Qd4 Qe6 23. Rd1 Rd8 24. Ng4 Re1+ 25. Rxe1 Qxe1+ 26. Bf1 h5 27. Nf6+ Kf7 28. Ne4 d5 29. Qf6+ 1-0

[Event "Coimbra op"]
[Site "Coimbra"]
[Date "2015.05.03"]
[Round "6"]
[White "Lopez de Turiso, Jose Angel"]
[Black "Garcia Bugallo, Jose Luis"]
[Result "1-0"]
[WhiteElo "2046"]
[BlackElo "1816"]
[PlyCount "98"]
[EventDate "2015.04.30"]
[EventType "swiss"]
[EventRounds "7"]
[EventCountry "POR"]
[SourceTitle "CBM 166 Extra"]
[Source "ChessBase"]
[SourceDate "2015.06.18"]
[SourceVersion "1"]
[SourceVersionDate "2015.06.18"]
[SourceQuality "1"]

1. e4 c5 2. c3 d5 3. exd5 Qxd5 4. d4 Nc6 5. Nf3 cxd4 6. cxd4 Bg4 7. Be2 e6 8. 0-0 Nf6 9. Nc3 Qd7 10. Ne5 Nxe5 11. dxe5 Qxd1 12. Bxd1 Bxd1 13. Rxd1 Ng4 14. Bf4 Bc5 15. Ne4 Be7 16. h3 Nh6 17. Bxh6 gxh6 18. Rac1 Rd8 19. Nd6+ Bxd6 20. Rxd6 Rxd6 21. exd6 Kd7 22. Rc7+ Kxd6 23. Rxb7 Rc8 24. Rxa7 Rc1+ 25. Kh2 Rc2 26. Rxf7 Rxb2 27. a4 Ra2 28. Kg3 Rxa4 29. Rxh7 Ra5 30. Rxh6 Rg5+ 31. Kh2 Ke7 32. f4 Ra5 33. h4 Kf7 34. Kh3 Ra3+ 35. g3 Ra8 36. Rh5 Kg6 37. Re5 Kf6 38. h5 Ra1 39. g4 Ra4 40. g5+ Kf7 41. Kg4 Rb4 42. Ra5 Rb7 43. Ra6 Rc7 44. h6 Rb7 45. Kh5 Rc7 46. Ra8 Rc1 47. Ra7+ Kg8 48. h7+ Kh8 49. Kh6 Rc5 1-0

[Event "Coimbra Queima das Fitas op"]
[Site "Coimbra"]
[Date "2015.05.02"]
[Round "4"]
[White "Bastiao, Goncalo de Oliveira"]
[Black "Garcia Bugallo, Jose Luis"]
[Result "0-1"]
[WhiteElo "1462"]
[BlackElo "1816"]
[PlyCount "74"]
[EventDate "2015.04.30"]
[EventType "swiss"]
[EventRounds "7"]
[EventCountry "POR"]
[SourceTitle "EXT 2018"]
[Source "ChessBase"]
[SourceDate "2017.10.13"]
[SourceVersion "1"]
[SourceVersionDate "2017.10.13"]
[SourceQuality "1"]

1. e4 c5 2. Nf3 d6 3. Bb5+ Bd7 4. Bxd7+ Qxd7 5. d4 cxd4 6. Nxd4 Nc6 7. c3 Nf6 8. f3 g6 9. Be3 Bg7 10. Nd2 0-0 11. N2b3 Ne5 12. 0-0 Nc4 13. Qe2 Nxe3 14. Qxe3 a6 15. Rfd1 Qc7 16. Rac1 b5 17. g4 Rfe8 18. h4 Rac8 19. Ne2 Nd7 20. f4 Nb6 21. Qf2 Nc4 22. Ng3 Qd7 23. f5 Ne5 24. g5 Rf8 25. h5 Bh8 26. Nd4 Qa7 27. Nf1 b4 28. Ne3 bxc3 29. bxc3 Nc6 30. f6 exf6 31. gxf6 Nxd4 32. Rxd4 Rxc3 33. Rxc3 Qxd4 34. Nf5 Qxf2+ 35. Kxf2 Bxf6 36. Rg3 Kh8 37. Nxd6 Bh4 0-1

[Event "Mondariz Marcote Memorial"]
[Site "Mondariz"]
[Date "2014.08.23"]
[Round "8"]
[White "Represa Perez, Mireya"]
[Black "Garcia Bugallo, Jose Luis"]
[Result "0-1"]
[WhiteElo "1771"]
[BlackElo "1818"]
[PlyCount "88"]
[EventDate "2014.08.16"]
[EventType "swiss"]
[EventRounds "9"]
[EventCountry "ESP"]
[SourceTitle "EXT 2015"]
[Source "ChessBase"]
[SourceDate "2014.11.20"]
[SourceVersion "1"]
[SourceVersionDate "2014.11.20"]
[SourceQuality "1"]

1. e4 c5 2. Nf3 d6 3. d4 cxd4 4. Nxd4 Nf6 5. Nc3 a6 6. Be2 e5 7. Nb3 Be7 8. 0-0 0-0 9. a4 b6 10. f4 Bb7 11. Bf3 Nbd7 12. f5 Qc7 13. Qe1 Rfd8 14. Be3 Nc5 15. Nxc5 dxc5 16. Qg3 Bc6 17. Qh3 b5 18. axb5 axb5 19. g4 b4 20. g5 bxc3 21. Rxa8 Rxa8 22. gxf6 Bxf6 23. bxc3 Qb7 24. Qg2 Qb2 25. Bxc5 Qxc3 26. Qf2 Ba4 27. Be3 Bh4 28. Qe2 Rc8 29. Rc1 Be7 30. Bd2 Qc5+ 31. Be3 Qc6 32. c4 Bc5 33. Qf2 Qb6 34. Bxc5 Rxc5 35. Qe3 Qb4 36. Be2 Rc8 37. c5 Bc6 38. Bd3 h6 39. Rb1 Qc3 40. Rc1 Qa3 41. Qe2 Qxc1+ 42. Kg2 Qxc5 43. Ba6 Rd8 44. Bd3 Qc3 0-1

[Event "Arteixo Concello U2200 op 15th"]
[Site "Arteixo"]
[Date "2014.07.26"]
[Round "5.4"]
[White "Garcia Bugallo, Jose Luis"]
[Black "Gomez Torre, Jose Ramon"]
[Result "0-1"]
[WhiteElo "1814"]
[BlackElo "1978"]
[PlyCount "92"]
[EventDate "2014.07.25"]
[EventType "swiss"]
[EventRounds "6"]
[EventCountry "ESP"]
[SourceTitle "EXT 2024"]
[Source "ChessBase"]
[SourceDate "2023.10.10"]
[SourceVersion "1"]
[SourceVersionDate "2023.10.10"]
[SourceQuality "1"]

1. e4 d5 2. exd5 Qxd5 3. Nc3 Qa5 4. d4 Nf6 5. Nf3 Bg4 6. Bc4 Nc6 7. h3 Bh5 8. g4 Bg6 9. Bd2 0-0-0 10. Nb5 Qb6 11. a4 Na5 12. Ba2 a6 13. Nc3 Nc6 14. a5 Qxb2 15. Na4 Qxc2 16. Qxc2 Bxc2 17. Bxf7 Be4 18. Ke2 Nxd4+ 19. Nxd4 Bxh1 20. Be6+ Kb8 21. Be3 Be4 22. f3 Bd5 23. Nc5 Bxe6 24. Ndxe6 Rd6 25. Bf4 Nd5 26. Be5 b6 27. Nxa6+ Kb7 28. Bxd6 exd6 29. axb6 cxb6 30. Nd8+ Kc8 31. Nf7 Rg8 32. Kf2 Be7 33. Rd1 Kb7 34. Rxd5 Kxa6 35. Rd2 Rf8 36. Nxd6 Bxd6 37. Rxd6 Rb8 38. Ke3 Rb7 39. Kd2 Ka5 40. Kc3 Rf7 41. Rd3 Rf4 42. Rd5+ b5 43. Rf5 Rxf5 44. gxf5 Ka4 45. Kb2 Kb4 46. h4 h6 0-1